| 000 | 00498nam a2200169Ia 4500 | ||
|---|---|---|---|
| 003 | IN-BaIIA | ||
| 008 | 211028s9999 xx 000 0 eng d | ||
| 040 | _cIIA Library | ||
| 080 |
_a535.33 _bDIN |
||
| 100 |
_aDingle, Herbert _92968 |
||
| 245 | 0 |
_aPractical applications of spectrum analysis _cHerbert Dingle |
|
| 260 |
_aLondon _bChapman and Hall _c1950 |
||
| 300 | _aix, 245p. | ||
| 650 | _aNASA Thesaurus | ||
| 650 |
_aSpectroscopy _91535 |
||
| 942 | _cBK | ||
| 999 |
_c1472 _d1472 |
||